000 00909nam a2200265 i 4500
001 bg
100 1 _aDUBRULE, Olivier
245 1 0 _aGeostatistics in petroleum geology /
_cby Olivier Dubrule.
260 _aTulsa :
_bAmerican Association of Petroleum Geologists,
_c1998.
300 _a[4], 52, [200] s. :
_brys., wykr. (w tym kolor.) ;
_c28 cm.
490 1 _aAAPG Continuing Education Course Note Series ;
_v38
504 _aBibliogr. s.46-52.
650 9 _aStatystyka matematyczna
_xstosowanie
_xgeologia
650 9 _aGeologia inżynierska
_azagadnienia
650 9 _aSymulacja
_xstosowanie
_xgeologia
650 9 _aNafta
_xgórnictwo
_xzagadnienia
830 _aAAPG Continuing Education Course Note Series ;
020 _a0891811877
040 _cBPK
041 0 _aen
080 _a519.22:624.131:553.982
920 _a0-89181-187-7
942 _cKS
008 s pl f |000 0 pol
999 _c34157
_d34157
856 _uhttp://koha.tu.koszalin.pl/cgi-bin/koha/opac-detail.pl?biblionumber=34157
_yKatalog online BPK